Environmental Responsibility of Highly Reputed Czech and Slovak Firms
Environmentálna zodpovednosť ako reputačná a konkurenčná výhoda. Rozdiely v environmentálnej zodpovednosti ocenených firiem v ČR a na Slovensku. Závislosť environmentálnej zodpovednosti od hospodárskeho odvetvia.
Guardado en:
| Autor principal: | |
|---|---|
| Formato: | Capítulo de libro |
| Lenguaje: | inglés |
| Materias: | |
| Etiquetas: |
Sin Etiquetas, Sea el primero en etiquetar este registro!
|
MARC
| LEADER | 00000naa$a2200000$$$4500 | ||
|---|---|---|---|
| 001 | 0196140 | ||
| 005 | 20240502073316.2 | ||
| 041 | 0 | |a eng | |
| 044 | |a SK | ||
| 245 | 1 | 0 | |a Environmental Responsibility of Highly Reputed Czech and Slovak Firms |c Simona Škorvagová |
| 520 | |a Environmentálna zodpovednosť ako reputačná a konkurenčná výhoda. Rozdiely v environmentálnej zodpovednosti ocenených firiem v ČR a na Slovensku. Závislosť environmentálnej zodpovednosti od hospodárskeho odvetvia. | ||
| 610 | 2 | 0 | |a rozvoj trvalo udržateľný |
| 610 | 2 | 0 | |a bezpečnosť environmentálna |
| 610 | 2 | 0 | |a politika environmentálna |
| 610 | 2 | 0 | |a zodpovednosť podniku spoločenská |
| 610 | 2 | 0 | |a výhody konkurenčné |
| 100 | 1 | |a Škorvagová, Simona | |